000 00255nam a22001217a 4500
008 180201b xxu||||| |||| 00| 0 eng d
041 _aeng
080 _a61
100 _a3
101 _ashm
245 _aspace time medicine
_clarry.d
942 _2udc
_cBK
999 _c41546
_d41546